000 00550nam a22002057a 4500
005 20170124110227.0
010 _aB-228973
020 _c250.00
035 _aB-228973
037 _bCen Lib/Ret
040 _aDPL
_bEN
082 _a301
_bSOC
245 _aSociology :
_cedited byN.N. Ojha
_bmain question and ansewrs /
260 _aNoida
_bChronicle books
270 _bNoida
_a A-26, Sector 2
300 _a355p.
_c23cm(pbk)
650 _aSociology
_941013
700 _aOjha, N.N.
_916035
942 _2ddc
_cEN
_h301
_mSOC
999 _c134538
_d134538